| 000 | 01044nmm a2200301 a 4500 | ||
|---|---|---|---|
| 001 | ocm000703636 | ||
| 003 | TR-IsHL | ||
| 005 | 20201028153605.0 | ||
| 008 | 140402s1983 tu tur | ||
| 007 | cr cn | ||
| 035 |
_a703636 _b(N$T) |
||
| 050 | 0 | 4 |
_aHG5706.5.A3 _bT87 1983 |
| 090 | 0 | 4 |
_aHG5706.5.A3 _bT87 1983 |
| 245 | 1 | 0 |
_aTürkiye'de yabancı sermaye yatırımları _h[electronic resource] / _chaz. Rıdvan Karluk |
| 260 |
_aİstanbul : _bİstanbul Ticaret Odası, _c1983 |
||
| 300 | _a328 p. | ||
| 650 | 4 | _aEkonomi ve Finans | |
| 650 | 4 | _aEconomics and Finance | |
| 650 | 0 |
_aSermaye yatırımları _x Türkiye |
|
| 650 | 0 |
_aCapital investments _x Turkey |
|
| 650 | 0 |
_aYatırımlar _x Türkiye |
|
| 650 | 0 |
_aInvestments _x Turkey |
|
| 650 | 0 | _aYatırımlar, Dış | |
| 650 | 0 | _aInvestments, Foreign | |
| 650 | 7 |
_aBUSINESS & ECONOMICS / Investments & Securities / General _2bisacsh |
|
| 700 | 1 | _aKarluk, Rıdvan | |
| 856 | 4 | 0 | _uhttp://search.ebscohost.com/login.aspx?direct=true&scope=site&db=e011xww&AN=703636 |
| 999 |
_c12127 _d12127 |
||